00646nam a2200145 a 450000100100000000500170001000800410002710000200006824501610008826000570024930000200030653301160032670000450044204000130048700003515720200930074136.0111025s1908 sp 000 0 spa d1 aCalleja, Rafael13aLa bella Molinete :bjuguete cómico lírico en un acto /hMúsica impresa]cRafael Calleja ; letra de Ventura de la Vega ; música del maestro Calleja. aMadrid :bSociedad de Autotores Esapañoles,c1908. a36 p. ;c22 cm. aLa bella Molinete : juguete cómico lírico en un actobMadrid (imp. de los Hijos de M. G. Hernández)c19081 aVega, Ventura de la,d(1807-1865.)emus. aDO-SdBNP